ARRUPE JESUIT UNIVERSITY

CORONAVIRUS -STOP THE SPREAD - CLEAN,DISINFECT,COVER

Remarks on the philosophy of psychology / (Record no. 123161)

MARC details
000 -LEADER
fixed length control field 01448cam a2200385 a 4500
001 - CONTROL NUMBER
control field 4440460
003 - CONTROL NUMBER IDENTIFIER
control field ARRUPE
005 - DATE AND TIME OF LATEST TRANSACTION
control field 20150827151542.0
008 - FIXED-LENGTH DATA ELEMENTS--GENERAL INFORMATION
fixed length control field 800731s1980 ilu 001 0 eng
010 ## - LIBRARY OF CONGRESS CONTROL NUMBER
LC control number 80052781
020 ## - INTERNATIONAL STANDARD BOOK NUMBER
International Standard Book Number 0226904334 (v. 1)
020 ## - INTERNATIONAL STANDARD BOOK NUMBER
International Standard Book Number 0226904342 (v. 2)
035 ## - SYSTEM CONTROL NUMBER
System control number (OCoLC)6627450
035 ## - SYSTEM CONTROL NUMBER
System control number (OCoLC)ocm06627450
035 ## - SYSTEM CONTROL NUMBER
System control number (NNC)4440460
040 ## - CATALOGING SOURCE
Original cataloging agency DLC
Transcribing agency DLC
Modifying agency m.c.
-- NNUT
-- CStRLIN
041 0# - LANGUAGE CODE
Language code of text/sound track or separate title engger
050 0# - LIBRARY OF CONGRESS CALL NUMBER
Classification number BF38
Item number .W76513
090 ## - LOCALLY ASSIGNED LC-TYPE CALL NUMBER (OCLC); LOCAL CALL NUMBER (OCLC)
Classification number (OCLC) (R) ; Classification number, CALL (RLIN) (NR) BF38
Local cutter number (OCLC) ; Book number/undivided call number, CALL (RLIN) .W76513
300 ## - PHYSICAL DESCRIPTION
Dimensions 21 cm.
100 1# - MAIN ENTRY--PERSONAL NAME
Personal name Wittgenstein, Ludwig,
Dates associated with a name 1889-1951.
9 (RLIN) 19063
245 10 - TITLE STATEMENT
Title Remarks on the philosophy of psychology /
Statement of responsibility, etc Ludwig Wittgenstein ; edited by G. E. M. Anscombe and G. H. von Wright ; translated by G. E. M. Anscombe.
260 ## - PUBLICATION, DISTRIBUTION, ETC. (IMPRINT)
Place of publication, distribution, etc Chicago :
Name of publisher, distributor, etc University of Chicago Press ;
Place of publication, distribution, etc Oxford :
Name of publisher, distributor, etc Basil Blackwell,
Date of publication, distribution, etc 1980.
300 ## - PHYSICAL DESCRIPTION
Extent 2 v. ;
500 ## - GENERAL NOTE
General note Includes index.
500 ## - GENERAL NOTE
General note Added t.p.: Bemerkungen über die Philosophie der Psychologie.
500 ## - GENERAL NOTE
General note English and German.
500 ## - GENERAL NOTE
General note Vol. 2 edited by G.H. von Wright and H. Nyman; translated by C.G. Luckhardt and A.E. Aue.
650 #0 - SUBJECT ADDED ENTRY--TOPICAL TERM
Topical term or geographic name as entry element Cognition
General subdivision knowledge, Theory of
9 (RLIN) 19064
700 1# - ADDED ENTRY--PERSONAL NAME
Personal name Anscombe, G. E. M.
Fuller form of name (Gertrude Elizabeth Margaret)
9 (RLIN) 19065
700 1# - ADDED ENTRY--PERSONAL NAME
Personal name Wright, G. H. von
Fuller form of name (Georg Henrik),
Dates associated with a name 1916-2003.
9 (RLIN) 12116
700 1# - ADDED ENTRY--PERSONAL NAME
Personal name Nyman, Heikki.
9 (RLIN) 19066
740 0# - ADDED ENTRY--UNCONTROLLED RELATED/ANALYTICAL TITLE
Uncontrolled related/analytical title Bemerkungen über die Philosophie der Psychologie.
942 ## - ADDED ENTRY ELEMENTS (KOHA)
Source of classification or shelving scheme Library of Congress Classification
Koha item type Monograph ( Printed materials)
Holdings
Withdrawn status Lost status Source of classification or shelving scheme Damaged status Not for loan Collection code Home library Current library Shelving location Date acquired Total Checkouts Full call number Barcode Date last seen Price effective from Koha item type
    Library of Congress Classification     Main Collection ARRUPE LIBRARY ARRUPE LIBRARY Main Collection 27/08/2015   B3376.W563 P513 1975 46500007390 13/09/2016 27/08/2015 Monograph ( Printed materials)
    Library of Congress Classification     Main Collection ARRUPE LIBRARY ARRUPE LIBRARY Main Collection 27/08/2015   B3376.W563 P513 1975 46500004078 27/08/2015 27/08/2015 Monograph ( Printed materials)

 

Arrupe Library. PO Box MP320 Mt Pleasant, Harare, Zimbabwe
263 242 745411|librarian@aju.ac.zw